LEADER 01586naa a2200265 u 4500 001 000000093917 003 CaOOAMICUS 005 20070226130136.0 008 010720m19811984fr u000 u fre u 035 $a10898005 040 $aPUL(R)$bita 100 1 $aDroz, Georges André Léopold,$d1931-$0(OLS)http://pul/name/60342 245 13$aLa Conference de La Haye en droit international privé en 1980 /$cpar Georges A.L. Droz. 246 33$aHague conference on private international law 25 years after the founding of its permanent bureau : achevements and prospects 246 33$aConference de La Haye de droit international privé vingt-cinq ans après la création de son bureau permanent : bilan et perspectives 260 $a[S. l. :$bs. n.],$c1981-1984. 300 $aP. [123-159] 504 $aBibliografia in nota. 650 4$aDiritto internazionale privato.$0(OLS)http://pul/subject/2921 773 0 $tRecueil des cours$gv.III (1980) 773 0 $tRecueil des cours 1980 : collected courses of The Hague Academy of International Law$w()60378 996 $6245$aLa Conference de La Haye en droit international privé en 1980$9(OLS)http://pul/title/120771 996 $6246$aHague conference on private international law 25 years after the founding of its permanent bureau : achevements and prospects$9(OLS)http://pul/title/120772 996 $6246$aConference de La Haye de droit international privé vingt-cinq ans après la création de son bureau permanent : bilan et perspectives$9(OLS)http://pul/title/120773 996 $6260$a[S. l. :$bs. n.]$9(OLS)http://pul/publisher/47882 LEADER 01352nam a2200277 u 4500 001 000000077383 003 CaOOAMICUS 005 20070226123320.0 008 040130s1974 po a u000 u por u 035 $a10982905 040 $aPUL(R)$bita 100 1 $aRodrigues, Manuel Augusto.$0(OLS)http://pul/name/3928 245 12$aA catedra de Sagrada Escritura na Universidade de Coimbra :$bprimeiro século : 1537-1640 /$cManuel Augusto Rodrigues. 260 $aCoimbra :$b[s.n.],$c1974. 300 $axxi, 614 p. :$bill. (facs.) ;$c26 cm 500 $aIn testa al front. : "Facultade de Letras da Universidade de Coimbra. Instituto de estudios históricos Dr. Antonio de Vasconcelos". 500 $aContiene indici. 504 $aBibliografia in nota. 650 4$aUniversità$ySec. XVI-XVII.$0(OLS)http://pul/subject/26914 651 4$aPortogallo$xVita intellettuale.$0(OLS)http://pul/subject/26915 710 2 $aUniversidade de Coimbra.$0(OLS)http://pul/name/51448 850 $aPUL 852 $aPUL$W1$xSL Filosofia 1$y2$m138 D 19$j99418$nBK-PRI$b $qStampati$B99418$CPULBib$Z2$F99418 $HPUL42949 $81 941 1 $a8 996 $6245$aA catedra de Sagrada Escritura na Universidade de Coimbra :$bprimeiro século : 1537-1640$9(OLS)http://pul/title/101472 996 $6260$aCoimbra :$b[s.n.]$9(OLS)http://pul/publisher/63982